[Event "Horgen"]
[Site "?"]
[Date "1995.??.??"]
[Round "?"]
[White "Kortchnoi, V."]
[Black "Ivanchuk, V."]
[Result "0-1"]
[WhiteElo "2635"]
[BlackElo "2740"]
[PlyCount "84"]
[EventDate "1995.??.??"]
[Source "ChessBase"]
[SourceDate "1995.10.01"]

1. d4 e6 2. c4 Nf6 3. Nf3 b6 4. Nc3 Bb7 5. g3 Bb4 6. Bd2 Bxf3 7. exf3 O-O 8. Bg2 Nc6 9. a3 Bxc3 10. Bxc3 d5 11. Qa4 Qd7 12. f4 Rad8 13. O-O-O Ne7 14. Qxd7 Rxd7 15. b3 c6 16. Rhe1 dxc4 17. bxc4 Rfd8 18. Bh3 Nf5 19. Bxf5 exf5 20. f3 Ne8 21. Kc2 Nc7 22. g4 f6 23. gxf5 b5 24. Ba5 bxc4 25. a4 Rb8 26. Bxc7 Rxc7 27. Kc3 Rd8 28. Kxc4 Rd5 29. Re8+ Kf7 30. Rb8 Ra5 31. Ra1 Rd7 32. Rc8 Rxf5 33. Rxc6 Rxf4 34. Rd1 Rxf3 35. Rd2 g5 36. d5 h5 37. a5 h4 38. a6 g4 39. Rb2 Rf4+ 40. Kc5 Rf5 41. Rd2 g3 42. Rd6 Rxd6 0-1

[Event "FIDE GP"]
[Site "Dubai"]
[Date "2002.04.04"]
[Round "2.2"]
[White "Bacrot, Etienne"]
[Black "Ivanchuk, Vassily"]
[Result "1-0"]
[WhiteElo "2649"]
[BlackElo "2717"]
[PlyCount "109"]
[EventDate "2002.04.03"]
[Source "ChessBase"]
[SourceDate "2002.08.12"]

1. c4 Nf6 2. Nf3 e6 3. Nc3 b6 4. d4 Bb7 5. Bg5 h6 6. Bh4 Be7 7. Qc2 d6 8. e4 Nbd7 9. Be2 c5 10. d5 exd5 11. exd5 Nxd5 12. Nxd5 Bxh4 13. Nxh4 Qxh4 14. Nc7+ Ke7 15. Nxa8 Bxg2 16. Rg1 Bxa8 17. Rxg7 Ne5 18. Qd2 Ng6 19. O-O-O Qg5 20. f4 Qxf4 21. Rxf7+ Kxf7 22. Rf1 Qxf1+ 23. Bxf1 Ke7 24. Bg2 Bxg2 25. Qxg2 Ne5 26. Qb7+ Nd7 27. Qe4+ Ne5 28. Kc2 Rf8 29. Qh7+ Nf7 30. Kb3 Rb8 31. Qe4+ Kd7 32. Qf3 Ke6 33. Qd5+ Ke7 34. Qc6 Rd8 35. Qe4+ Ne5 36. Qh4+ Kd7 37. Qxh6 Kc6 38. Qg7 Rd7 39. Qg8 Kc7 40. h4 Rf7 41. h5 Rf3+ 42. Kc2 Rf2+ 43. Kd1 Rxb2 44. h6 Rf2 45. h7 Nf7 46. Qf8 Rf1+ 47. Kc2 Rf2+ 48. Kb3 Rf3+ 49. Ka4 Rf4 50. Kb5 Kb7 51. Qe7+ Kc8 52. Qe8+ Kc7 53. Qc6+ Kd8 54. h8=Q+ Nxh8 55. Qxd6+ 1-0

[Event "Bled ol (Men)"]
[Site "?"]
[Date "2002.11.02"]
[Round "8"]
[White "Krasenkow Michal"]
[Black "Gelfand Boris"]
[Result "1/2-1/2"]
[WhiteElo "2651"]
[BlackElo "2704"]
[PlyCount "27"]
[EventDate "2002.??.??"]
[Source "www.chesslib.no"]
[SourceDate "2004.05.04"]

1. Nf3 Nf6 2. c4 b6 3. Nc3 Bb7 4. d4 e6 5. a3 d5 6. cxd5 Nxd5 7. Qc2 Nxc3 8. bxc3 Nd7 9. e4 c5 10. Bf4 Be7 11. Bd3 Qc8 12. O-O cxd4 13. cxd4 Qxc2 14. Bxc2 1/2-1/2

[Event "35th T-ch GR"]
[Site "Ermioni"]
[Date "2006.07.10"]
[Round "7.1"]
[White "Azmaiparashvili, Zurab"]
[Black "Macieja, Bartlomiej"]
[Result "0-1"]
[WhiteElo "2669"]
[BlackElo "2613"]
[PlyCount "104"]
[EventDate "2006.07.??"]
[Source "www.chesslib.no"]
[SourceDate "2004.05.04"]

1. d4 e6 2. c4 Nf6 3. Nf3 b6 4. Nc3 Bb7 5. a3 d5 6. cxd5 Nxd5 7. Qa4+ Nd7 8. Nxd5 Bxd5 9. Bg5 Be7 10. Bxe7 Qxe7 11. Rc1 O-O 12. e4 Bxe4 13. Rxc7 Nc5 14. dxc5 Qxc7 15. Qxe4 Qxc5 16. Qe3 Qc2 17. Bd3 Qxb2 18. O-O Rad8 19. h4 Qf6 20. Rb1 Rd5 21. Rb4 Rc8 22. Ng5 h6 23. Ne4 Qe5 24. f4 Qh5 25. Nf2 Qxh4 26. f5 Qf6 27. fxe6 Qxe6 28. Re4 Qc6 29. Qe2 g6 30. Re7 Qc1+ 31. Kh2 Rc7 32. Re8+ Kg7 33. Nh3 Qxa3 34. Nf4 Rg5 35. Qf2 Qc5 36. Qb2+ Qc3 37. Qf2 Qc5 38. Qb2+ Qc3 39. Qf2 Kh7 40. Qf3 Qd4 41. g3 b5 42. Ne2 Qb2 43. Kh3 a5 44. Rd8 Qe5 45. Nf4 Qe1 46. g4 Re7 47. Ng2 Qe5 48. Nf4 Qe3 49. Kg2 Qxf3+ 50. Kxf3 Ra7 51. Nh5 a4 52. Rb8 Ra6 0-1

[Event "Yerevan"]
[Site "Yerevan"]
[Date "1996.??.??"]
[Round "3"]
[White "Ehlvest, Jaan"]
[Black "Gulko, Boris F"]
[Result "1/2-1/2"]
[WhiteElo "2660"]
[BlackElo "2615"]
[PlyCount "49"]
[EventDate "1996.04.??"]
[Source "ChessBase"]

1. Nf3 Nf6 2. c4 b6 3. Nc3 Bb7 4. d4 e6 5. a3 d5 6. Qc2 Be7 7. cxd5 exd5 8. g3 O-O 9. Bg2 c5 10. O-O Nc6 11. Rd1 c4 12. Ne5 Na5 13. Bg5 Re8 14. e3 a6 15. Qf5 Qc8 16. Qxc8 Raxc8 17. Bxf6 gxf6 18. Ng4 Kg7 19. e4 dxe4 20. Ne3 Rcd8 21. d5 Bc5 22. Nf5+ Kg6 23. Nh4+ Kg7 24. Nf5+ Kg6 25. Nh4+ 1/2-1/2

[Event "Moskva (open)"]
[Site "?"]
[Date "1992.??.??"]
[Round "?"]
[White "Kramnik, Vladimir"]
[Black "Ehlvest, J."]
[Result "1/2-1/2"]
[WhiteElo "2625"]
[BlackElo "2635"]
[PlyCount "58"]
[EventDate "1992.??.??"]
[Source "ChessBase"]
[SourceDate "1993.02.01"]

1. d4 e6 2. c4 b6 3. Nc3 Bb7 4. a3 d5 5. cxd5 exd5 6. Nf3 Nf6 7. Qa4+ c6 8. Bg5 Be7 9. e3 O-O 10. Bd3 Nbd7 11. Rd1 c5 12. Ne5 h6 13. Bf4 a6 14. Bb1 Re8 15. O-O b5 16. Qc2 c4 17. f3 Nf8 18. Ne2 N6d7 19. Nxd7 Qxd7 20. e4 b4 21. axb4 Bxb4 22. Ng3 a5 23. e5 Bc6 24. Nh5 Ra6 25. Qf2 Bb5 26. e6 Rexe6 27. Bf5 Qe7 28. Bxe6 Rxe6 29. Qg3 Rg6 1/2-1/2

[Event "North Sea Cup 17th"]
[Site "Esbjerg"]
[Date "2002.07.06"]
[Round "2"]
[White "Hansen, Curt"]
[Black "Tiviakov, Sergei"]
[Result "1/2-1/2"]
[WhiteElo "2625"]
[BlackElo "2628"]
[PlyCount "55"]
[EventDate "2002.07.05"]
[Source "ChessBase"]
[SourceDate "2002.11.12"]

1. Nf3 Nf6 2. c4 b6 3. Nc3 Bb7 4. d4 e6 5. a3 d5 6. Bg5 Be7 7. Bxf6 Bxf6 8. cxd5 exd5 9. Qa4+ Qd7 10. Qxd7+ Nxd7 11. Nb5 Bd8 12. g3 a6 13. Nc3 Bf6 14. Bh3 O-O-O 15. O-O Kb8 16. Rfd1 Rhe8 17. e3 Nf8 18. b4 Ne6 19. Rab1 g6 20. Rdc1 Bg7 21. Na4 h6 22. Nb2 Ng5 23. Bg2 Nxf3+ 24. Bxf3 Re6 25. Nd3 Rc6 26. Bd1 Rxc1 27. Rxc1 Bc8 28. Be2 1/2-1/2

[Event "It (Men) La Roche Sur Yon FRA"]
[Site "?"]
[Date "2006.03.19"]
[Round "5"]
[White "Pelletier Yannick"]
[Black "Sasikiran Krishnan"]
[Result "0-1"]
[WhiteElo "2579"]
[BlackElo "2670"]
[PlyCount "76"]
[EventDate "2006.??.??"]
[Source "www.chesslib.no"]
[SourceDate "2004.05.04"]

1. Nf3 Nf6 2. c4 b6 3. Nc3 Bb7 4. d4 e6 5. a3 d5 6. cxd5 Nxd5 7. e3 Nd7 8. Bd3 c5 9. e4 N5f6 10. O-O cxd4 11. Nxd4 a6 12. Qe2 Qb8 13. Bc2 b5 14. Kh1 h5 15. f4 h4 16. f5 e5 17. Nb3 Qc7 18. Bg5 Be7 19. Nd2 Nh5 20. Be3 Bc5 21. Rf3 Rd8 22. Nf1 Bxe3 23. Nxe3 Ndf6 24. Rd1 Nf4 25. Qe1 Rd4 26. Ned5 N4xd5 27. exd5 Rxd1 28. Qxd1 h3 29. Rg3 hxg2+ 30. Rxg2 Kf8 31. Bb3 Qd7 32. Qf3 Rh5 33. Qg3 Qxf5 34. Qxg7+ Ke8 35. Kg1 Qf4 36. Qg3 Qc1+ 37. Nd1 Bxd5 38. Qf2 Bxb3 0-1

[Event "4th Open A"]
[Site "Moscow RUS"]
[Date "2008.02.06"]
[Round "5"]
[White "Savchenko, B."]
[Black "Jobava, Ba"]
[Result "1/2-1/2"]
[WhiteElo "2589"]
[BlackElo "2643"]
[PlyCount "34"]
[EventDate "2008.02.02"]
[Source "www.chesslib.no"]
[SourceDate "2004.05.04"]

1. Nf3 Nf6 2. c4 b6 3. d4 Bb7 4. Nc3 e6 5. Bg5 h6 6. Bh4 Be7 7. Qc2 c5 8. e4 cxd4 9. Nxd4 Nc6 10. Rd1 O-O 11. Be2 Rc8 12. O-O a6 13. Bg3 Nxd4 14. Rxd4 Bc5 15. Rd2 Bb4 16. Rd4 Bc5 17. Rd2 Bb4 1/2-1/2

[Event "Dieren"]
[Site "?"]
[Date "2006.07.29"]
[Round "5"]
[White "Greenfeld Alon"]
[Black "Tiviakov Sergei"]
[Result "1/2-1/2"]
[WhiteElo "2551"]
[BlackElo "2668"]
[PlyCount "41"]
[EventDate "2006.??.??"]
[Source "www.chesslib.no"]
[SourceDate "2004.05.04"]

1. Nf3 Nf6 2. c4 b6 3. Nc3 Bb7 4. d4 e6 5. a3 d5 6. cxd5 Nxd5 7. Qc2 Nxc3 8. bxc3 c5 9. e4 Nd7 10. Bf4 cxd4 11. cxd4 Rc8 12. Qb3 Be7 13. Bd3 Nf6 14. Qb5+ Bc6 15. Qb1 O-O 16. O-O Nh5 17. Bd2 Ba4 18. Re1 Rc7 19. Bb5 Bxb5 20. Qxb5 Nf6 21. a4 1/2-1/2

[Event "Calviá ol (Men)"]
[Site "Mallorca"]
[Date "2004.10.23"]
[Round "8.7"]
[White "Kacheishvili, Giorgi"]
[Black "Tiviakov, Sergei"]
[Result "1/2-1/2"]
[WhiteElo "2599"]
[BlackElo "2617"]
[PlyCount "57"]
[EventDate "2004.10.15"]
[Source "Roberto Alvarez"]
[SourceDate "2004.10.25"]

1. d4 Nf6 2. c4 e6 3. Nf3 b6 4. Bg5 Bb7 5. Nc3 h6 6. Bh4 Be7 7. e3 Ne4 8. Nxe4 Bxe4 9. Bg3 c5 10. Bd3 Bb7 11. O-O d6 12. Bc2 Nd7 13. dxc5 Nxc5 14. Nd4 O-O 15. Nb5 d5 16. cxd5 exd5 17. Qg4 Bf6 18. Rab1 Ba6 19. a4 Qc8 20. Qxc8 Rfxc8 21. Rfd1 Bxb5 22. axb5 Rd8 23. f3 d4 24. exd4 Rxd4 25. Rxd4 Bxd4+ 26. Kf1 Ne6 27. Be4 Rc8 28. b4 Bf6 29. Bf2 1/2-1/2

[Event "Nederland"]
[Site "?"]
[Date "1996.??.??"]
[Round "?"]
[White "Gurevich, M."]
[Black "Speelman, J."]
[Result "0-1"]
[WhiteElo "2590"]
[BlackElo "2625"]
[PlyCount "152"]
[EventDate "1996.??.??"]
[Source "ChessBase"]
[SourceDate "1996.02.01"]

1. d4 e6 2. c4 b6 3. a3 Nf6 4. Nc3 Bb7 5. Nf3 d5 6. Qc2 a6 7. cxd5 Nxd5 8. Bg5 Be7 9. Bxe7 Qxe7 10. Nxd5 Bxd5 11. Rc1 c5 12. dxc5 bxc5 13. Qxc5 Qxc5 14. Rxc5 Nd7 15. Rc3 Ke7 16. Nd2 Rhc8 17. e4 Rxc3 18. bxc3 Bc6 19. Kd1 Nc5 20. f3 Rd8 21. Kc1 Ba4 22. Bc4 Nd3+ 23. Bxd3 Rxd3 24. Nb1 a5 25. Re1 h5 26. Re2 h4 27. h3 Rd1+ 28. Kb2 Bb5 29. Rc2 Bc4 30. Rd2 Rg1 31. e5 g5 32. f4 gxf4 33. Rd4 Rxg2+ 34. Kc1 Rg1+ 35. Kb2 f3 36. Nd2 f2 37. Rxc4 Rd1 38. Rf4 Rxd2+ 39. Kb3 f5 40. Ka4 Re2 41. c4 Re4 42. Rxf2 Rxc4+ 43. Kxa5 Rc5+ 44. Kb6 Rxe5 45. a4 Re3 46. a5 Rxh3 47. Ra2 Kd6 48. Rd2+ Ke5 49. Re2+ Kf4 50. Rxe6 Rb3+ 51. Kc7 Ra3 52. Kb6 h3 53. a6 h2 54. Rh6 Kg3 55. a7 f4 56. Rg6+ Kf2 57. Rh6 Kg1 58. Rg6+ Kh1 59. Rf6 f3 60. Rf8 Kg2 61. Rg8+ Kh3 62. Rh8+ Kg3 63. Rg8+ Kf4 64. Rf8+ Kg5 65. Rg8+ Kf6 66. Rf8+ Ke6 67. Rxf3 Rxa7 68. Rh3 Ra2 69. Rh5 Rc2 70. Kb5 Kf6 71. Kb4 Kg6 72. Rh8 Kg5 73. Kb3 Re2 74. Kc3 Kf4 75. Kd3 Ra2 76. Rh7 Kf3 0-1

[Event "Terrassa"]
[Site "Terrassa ESP"]
[Date "1992.??.??"]
[Round "4"]
[White "Azmaiparashvili, Zurab A"]
[Black "Dorfman, Josif D"]
[Result "1/2-1/2"]
[WhiteElo "2610"]
[BlackElo "2605"]
[PlyCount "34"]
[EventDate "1992.05.??"]
[Source "www.chesslib.no"]
[SourceDate "2004.05.04"]

1. Nf3 Nf6 2. c4 b6 3. Nc3 Bb7 4. d4 e6 5. a3 d5 6. cxd5 Nxd5 7. Qc2 Nxc3 8. Qxc3 Be7 9. Bf4 O-O 10. e3 Bd6 11. Bg5 Qe8 12. Be2 Nd7 13. Bh4 Rc8 14. O-O c5 15. Rfd1 Be7 16. Bxe7 Qxe7 17. Rac1 Rfd8 1/2-1/2

[Event "Lvov"]
[Site "Lvov"]
[Date "1984.??.??"]
[Round "3"]
[White "Romanishin, Oleg M"]
[Black "Vaganian, Rafael A"]
[Result "1-0"]
[WhiteElo "2580"]
[BlackElo "2630"]
[PlyCount "55"]
[EventDate "1984.02.??"]
[Source "ChessBase"]

1. Nf3 Nf6 2. c4 b6 3. Nc3 Bb7 4. d4 e6 5. a3 d5 6. cxd5 Nxd5 7. Bd2 Be7 8. Qa4+ Qd7 9. Qc2 O-O 10. e4 Nxc3 11. Bxc3 c5 12. dxc5 Bxc5 13. Rd1 Qc6 14. Bd3 Rc8 15. O-O a5 16. Qe2 Ba6 17. Bxa6 Nxa6 18. Ne5 Qe8 19. Qg4 f6 20. Nd7 Qg6 21. Qxe6+ Qf7 22. Qg4 Rc6 23. e5 f5 24. Qf3 Rac8 25. e6 Qxe6 26. Rfe1 Qb3 27. Qxf5 Bf8 28. Nf6+ 1-0

[Event "Calviá ol (Men)"]
[Site "Mallorca"]
[Date "2004.10.17"]
[Round "3.12"]
[White "Jobava, Baadur"]
[Black "Zhang Zhong"]
[Result "1-0"]
[WhiteElo "2614"]
[BlackElo "2596"]
[PlyCount "79"]
[EventDate "2004.10.15"]
[Source "Roberto Alvarez"]
[SourceDate "2004.10.18"]

1. d4 Nf6 2. c4 e6 3. Nf3 b6 4. Bg5 Bb7 5. Nc3 Bb4 6. Nd2 c5 7. d5 h6 8. Bh4 exd5 9. cxd5 Qe7 10. Qc2 O-O 11. O-O-O Bxc3 12. bxc3 Bxd5 13. e4 Bc6 14. f4 d6 15. Re1 g5 16. fxg5 Nh7 17. e5 Nxg5 18. exd6 Qf6 19. Bc4 b5 20. Rhf1 Qg7 21. Bxg5 hxg5 22. Bd3 Nd7 23. Re7 Rae8 24. Be4 Bxe4 25. Nxe4 Qg6 26. Qd2 b4 27. Qxg5 Rxe7 28. dxe7 Qxg5+ 29. Nxg5 Re8 30. Rxf7 a5 31. h4 c4 32. h5 Ne5 33. Rh7 Nc6 34. Rh6 Nxe7 35. Re6 b3 36. axb3 cxb3 37. h6 a4 38. Kb2 Kf8 39. Rf6+ Kg8 40. Rf7 1-0

[Event "EuTCh"]
[Site "Plovdiv"]
[Date "2003.10.19"]
[Round "8"]
[White "Navara, David"]
[Black "Tiviakov, Sergei"]
[Result "1-0"]
[WhiteElo "2607"]
[BlackElo "2601"]
[PlyCount "85"]
[EventDate "2003.10.10"]
[Source "Roberto Alvarez"]
[SourceDate "2003.10.20"]

1. Nf3 Nf6 2. c4 b6 3. Nc3 Bb7 4. d4 e6 5. a3 d5 6. cxd5 Nxd5 7. Qc2 Nxc3 8. bxc3 Be7 9. e4 O-O 10. Bd3 c5 11. O-O Qc7 12. Qe2 Nd7 13. a4 Rac8 14. Bb2 e5 15. Bb5 exd4 16. cxd4 cxd4 17. Nxd4 Bc5 18. Nf5 Ne5 19. Kh1 f6 20. f4 Ng6 21. e5 Kh8 22. Rad1 Bc6 23. Bxc6 Qxc6 24. Nxg7 Kxg7 25. exf6+ Rxf6 26. Qg4 Kf7 27. Bxf6 Kxf6 28. Rd7 Ne7 29. Re1 Kf7 30. Qh3 Kg8 31. Qb3+ Kf8 32. Rxa7 Rd8 33. Qc3 Qg6 34. f5 Qg5 35. Qh8+ Qg8 36. Qe5 Qg5 37. Qh8+ Qg8 38. Qf6+ Qf7 39. Qh6+ Qg7 40. Qh4 Qd4 41. Qxh7 Qf6 42. Rf1 Rc8 43. Re1 1-0

[Event "Aruba m"]
[Site "Aruba"]
[Date "1994.??.??"]
[Round "8"]
[White "Piket, Jeroen"]
[Black "Polugaevsky, Lev"]
[Result "1/2-1/2"]
[WhiteElo "2605"]
[BlackElo "2595"]
[PlyCount "63"]
[EventDate "1994.02.??"]
[Source "ChessBase"]

1. d4 Nf6 2. Nf3 e6 3. c4 b6 4. Nc3 Bb7 5. a3 d5 6. cxd5 Nxd5 7. Qc2 Nxc3 8. bxc3 Be7 9. e4 O-O 10. Bd3 c5 11. O-O Qc8 12. Qe2 Ba6 13. Bf4 Bxd3 14. Qxd3 Nd7 15. a4 Rd8 16. Rfe1 cxd4 17. cxd4 Qb7 18. Rab1 Rac8 19. a5 h6 20. h3 Bf8 21. Qb3 Qa6 22. axb6 axb6 23. Ne5 Nxe5 24. Bxe5 b5 25. Qxb5 Qxb5 26. Rxb5 f6 27. Bf4 Rxd4 28. Rb8 Rxb8 29. Bxb8 Bc5 30. Rc1 Bb6 31. Rb1 Bc5 32. Rc1 1/2-1/2

[Event "Aruba m"]
[Site "Aruba"]
[Date "1994.??.??"]
[Round "4"]
[White "Piket, Jeroen"]
[Black "Polugaevsky, Lev"]
[Result "1-0"]
[WhiteElo "2605"]
[BlackElo "2595"]
[PlyCount "87"]
[EventDate "1994.02.??"]
[Source "ChessBase"]

1. d4 Nf6 2. Nf3 e6 3. c4 b6 4. Nc3 Bb7 5. a3 d5 6. cxd5 Nxd5 7. Bd2 Be7 8. Qc2 Nxc3 9. Bxc3 O-O 10. e4 Nd7 11. O-O-O c5 12. Bb5 Qc7 13. d5 exd5 14. exd5 Rfd8 15. Rhe1 Nf8 16. Qe4 Ng6 17. h4 Bf8 18. g3 a6 19. Ba4 b5 20. Bc2 Qe7 21. Qg4 Qd7 22. Bf5 Qd6 23. h5 Ne7 24. Re6 Nxf5 25. Rxd6 Nxd6 26. Ne5 h6 27. Qf4 Re8 28. Nd7 Be7 29. Kb1 Bc8 30. Nxc5 Bf8 31. g4 a5 32. Re1 Rxe1+ 33. Bxe1 Nc4 34. Ne4 Bb7 35. Bc3 Rc8 36. Nf6+ gxf6 37. Qxf6 Nxa3+ 38. bxa3 Rxc3 39. Qxc3 Bxd5 40. Qxa5 Be6 41. f3 f5 42. Qxb5 fxg4 43. fxg4 Kf7 44. Qb7+ 1-0

[Event "Ubeda op"]
[Site "Ubeda"]
[Date "1999.01.23"]
[Round "4"]
[White "Bagaturov, Giorgi"]
[Black "Tiviakov, Sergei"]
[Result "1/2-1/2"]
[WhiteElo "2540"]
[BlackElo "2655"]
[PlyCount "43"]
[EventDate "1999.01.??"]
[Source "ChessBase"]
[SourceDate "1999.03.01"]

1. Nf3 Nf6 2. c4 b6 3. Nc3 Bb7 4. d4 e6 5. a3 d5 6. cxd5 Nxd5 7. Qc2 Nxc3 8. bxc3 Be7 9. e4 O-O 10. Bd3 c5 11. O-O Qc7 12. Qe2 Nd7 13. Bd2 Rac8 14. a4 Rfd8 15. Rfb1 Nb8 16. h3 g6 17. a5 Nc6 18. axb6 axb6 19. dxc5 Bxc5 20. Bg5 Re8 21. Bb5 Ra8 22. Be3 1/2-1/2

[Event "EU-chT (Men)"]
[Site "Batumi"]
[Date "1999.11.29"]
[Round "1.2"]
[White "Ftacnik, Lubomir"]
[Black "Huebner, Robert"]
[Result "1/2-1/2"]
[WhiteElo "2589"]
[BlackElo "2599"]
[PlyCount "71"]
[EventDate "1999.11.06"]
[Source "ChessBase"]
[SourceDate "2000.02.01"]

1. d4 Nf6 2. Nf3 e6 3. c4 b6 4. Nc3 Bb7 5. a3 d5 6. cxd5 Nxd5 7. Bd2 Nd7 8. Qc2 c5 9. e4 N5f6 10. dxc5 Bxc5 11. Bd3 e5 12. b4 Be7 13. O-O O-O 14. Rfd1 a5 15. Rab1 axb4 16. axb4 Ba6 17. Bg5 Bxd3 18. Rxd3 Qc7 19. Qd1 Rfd8 20. Rc1 Qb7 21. Qb3 Nf8 22. Nxe5 Ne6 23. Rxd8+ Bxd8 24. Be3 Nxe4 25. Qd5 Qxd5 26. Nxd5 b5 27. Nc6 Nd6 28. Nd4 Ra3 29. Rd1 Nxd4 30. Bxd4 f6 31. g3 Kf7 32. Bc5 Ne4 33. Nc7 Bxc7 34. Rd7+ Kg6 35. Rxc7 Rc3 36. Kg2 1/2-1/2

[Event "Ch team"]
[Site "?"]
[Date "1997.??.??"]
[Round "1"]
[White "Goldin Alexander"]
[Black "Almasi Zoltan"]
[Result "1-0"]
[WhiteElo "2590"]
[BlackElo "2595"]
[PlyCount "62"]
[EventDate "1997.??.??"]
[Source "www.chesslib.no"]
[SourceDate "2004.05.04"]

1. Nf3 Nf6 2. c4 e6 3. d4 b6 4. Nc3 Bb7 5. a3 d5 6. cxd5 Nxd5 7. Qc2 Nxc3 8. bxc3 Be7 9. e4 O-O 10. Bd3 c5 11. O-O Qc8 12. Qa2 cxd4 13. cxd4 Ba6 14. Bxa6 Nxa6 15. Rd1 Qb7 16. Qe2 Rac8 17. Bb2 Bf6 18. h4 Nb8 19. h5 Qa6 20. Rd3 Qa5 21. Ne1 Nc6 22. Rad1 Qb5 23. h6 a6 24. Nf3 Na5 25. e5 Be7 26. d5 exd5 27. e6 f6 28. Nd4 Qa4 29. Rg3 Kh8 30. Ba1 Nc6 31. Nf3 Qc4 1-0

[Event "Burgas"]
[Site "?"]
[Date "1992.??.??"]
[Round "?"]
[White "Sokolov, I."]
[Black "Stohl, I."]
[Result "1-0"]
[WhiteElo "2625"]
[BlackElo "2560"]
[PlyCount "77"]
[EventDate "1992.??.??"]
[Source "ChessBase"]
[SourceDate "1992.06.01"]

1. Nf3 Nf6 2. c4 b6 3. Nc3 Bb7 4. d4 e6 5. Qc2 c5 6. dxc5 Bxc5 7. Bg5 O-O 8. e3 Be7 9. Be2 h6 10. Bh4 d5 11. O-O Nbd7 12. Rfd1 Rc8 13. Rac1 Qe8 14. cxd5 Bxd5 15. Qa4 Bc6 16. Qxa7 g5 17. Nd4 gxh4 18. Nxc6 Rxc6 19. Bb5 Rd6 20. Qa4 h3 21. gxh3 Qd8 22. Rxd6 Bxd6 23. Bxd7 Nxd7 24. Rd1 Nc5 25. Qc6 Qg5+ 26. Kh1 Bxh2 27. Kxh2 Kh7 28. Qf3 Qe5+ 29. Kh1 f5 30. Qf4 Qxf4 31. exf4 Ne4 32. Nxe4 fxe4 33. Rd6 Rxf4 34. Kg2 b5 35. Rxe6 Kg7 36. Re5 b4 37. Rb5 e3 38. fxe3 Re4 39. Kf3 1-0

[Event "RUS-ch"]
[Site "Krasnodar"]
[Date "2002.09.03"]
[Round "8"]
[White "Korotylev, Alexey"]
[Black "Lastin, Alexander"]
[Result "1/2-1/2"]
[WhiteElo "2558"]
[BlackElo "2625"]
[PlyCount "110"]
[EventDate "2002.08.27"]
[Source "ChessBase"]
[SourceDate "2002.11.12"]

1. d4 e6 2. c4 Nf6 3. Nf3 b6 4. Nc3 Bb7 5. a3 d5 6. cxd5 Nxd5 7. e3 g6 8. Bb5+ c6 9. Bd3 Bg7 10. h4 h6 11. h5 g5 12. e4 Nxc3 13. bxc3 c5 14. Be3 Nc6 15. O-O cxd4 16. cxd4 O-O 17. e5 Qd5 18. Rc1 Rfd8 19. Bc4 Qe4 20. Bd3 Qd5 21. Bc4 Qd7 22. Qe2 Rac8 23. Rcd1 Ne7 24. Ba6 Rc3 25. Bxb7 Qxb7 26. a4 Rdc8 27. Nh2 Qe4 28. Ng4 Nd5 29. Rfe1 Qc2 30. Qa6 R8c7 31. Rc1 Qf5 32. Rxc3 Nxc3 33. f3 Qc2 34. Qf1 Nd5 35. Qb5 Qc6 36. Rb1 Nc3 37. Qxc6 Rxc6 38. Ra1 Nd5 39. Kf1 Rc2 40. Bf2 f6 41. exf6 Nxf6 42. Nxf6+ Bxf6 43. Ra3 Be7 44. Ra1 Bb4 45. Be3 Bd2 46. Bf2 Kf7 47. Bg3 Be3 48. Rd1 Rc4 49. d5 exd5 50. Rxd5 Rxa4 51. Rd6 Ke8 52. Be5 g4 53. Ke2 Bg5 54. Kd3 gxf3 55. gxf3 a6 1/2-1/2

[Event "USA (ch)"]
[Site "?"]
[Date "1993.??.??"]
[Round "?"]
[White "Yermolinsky, A."]
[Black "Gurevich, D."]
[Result "1-0"]
[WhiteElo "2605"]
[BlackElo "2575"]
[PlyCount "111"]
[EventDate "1993.??.??"]
[Source "ChessBase"]
[SourceDate "1993.10.01"]

1. d4 Nf6 2. Nf3 e6 3. Bg5 c5 4. e3 cxd4 5. exd4 b6 6. Bd3 Bb7 7. O-O Be7 8. c4 O-O 9. Nc3 d5 10. Qe2 h6 11. Be3 dxc4 12. Bxc4 Nc6 13. Rad1 Nb4 14. Ne5 Rc8 15. Bc1 Qc7 16. a3 Nbd5 17. Nb5 Qb8 18. Rd3 a6 19. Rg3 Rxc4 20. Bxh6 Nf4 21. Rxg7+ Kh8 22. Qxc4 axb5 23. Qxb5 N6d5 24. Rg4 Rg8 25. Bxf4 Rxg4 26. Nxg4 Nxf4 27. f3 Qd6 28. Qe5+ Qxe5 29. dxe5 Bc5+ 30. Kh1 Bd4 31. Rd1 Ne2 32. Rd2 Ba6 33. a4 Bc5 34. Rd8+ Kg7 35. Nf6 Nf4 36. Rg8+ Kh6 37. Ng4+ Kh7 38. Nf6+ Kh6 39. Rh8+ Kg7 40. Rb8 Bf1 41. Rg8+ Kh6 42. h4 Bf2 43. g4 Bxh4 44. Rh8+ Kg5 45. Ne4+ Kg6 46. Rxh4 Be2 47. Kh2 Nd3 48. Kg3 Nxe5 49. f4 Nc4 50. b3 Na5 51. Rh8 f5 52. gxf5+ Kxf5 53. Nd6+ Kf6 54. b4 Nc6 55. b5 Nb4 56. Rh6+ 1-0